<?xml version="1.0" encoding="UTF-8"?><marc:collection xmlns:marc="http://www.loc.gov/MARC21/slim">
  <marc:record>
    <marc:leader>00000nam  2200000zi 4500</marc:leader>
    <marc:controlfield tag="001">9.930214</marc:controlfield>
    <marc:controlfield tag="003">CaOODSP</marc:controlfield>
    <marc:controlfield tag="005">20241121102111</marc:controlfield>
    <marc:controlfield tag="006">m     o  d f      </marc:controlfield>
    <marc:controlfield tag="007">cr mn|||||||||</marc:controlfield>
    <marc:controlfield tag="008">231110e202403  onca    o    f000 0 eng d</marc:controlfield>
    <marc:datafield tag="020" ind1=" " ind2=" ">
      <marc:subfield code="a">9780660687773</marc:subfield>
    </marc:datafield>
    <marc:datafield tag="040" ind1=" " ind2=" ">
      <marc:subfield code="a">CaOODSP</marc:subfield>
      <marc:subfield code="b">eng</marc:subfield>
      <marc:subfield code="e">rda</marc:subfield>
      <marc:subfield code="c">CaOODSP</marc:subfield>
    </marc:datafield>
    <marc:datafield tag="043" ind1=" " ind2=" ">
      <marc:subfield code="a">n-cn---</marc:subfield>
    </marc:datafield>
    <marc:datafield tag="086" ind1="1" ind2=" ">
      <marc:subfield code="a">Fs23-726/2024E-PDF</marc:subfield>
    </marc:datafield>
    <marc:datafield tag="245" ind1="0" ind2="0">
      <marc:subfield code="a">Aquatic invasive species : </marc:subfield>
      <marc:subfield code="b">identification booklet of freshwater invasive plant species in Quebec.</marc:subfield>
    </marc:datafield>
    <marc:datafield tag="264" ind1=" " ind2="1">
      <marc:subfield code="a">[Ottawa] : </marc:subfield>
      <marc:subfield code="b">Fisheries and Oceans Canada = Pêches et océans Canada, </marc:subfield>
      <marc:subfield code="c">March 2024.</marc:subfield>
    </marc:datafield>
    <marc:datafield tag="264" ind1=" " ind2="4">
      <marc:subfield code="c">©2024</marc:subfield>
    </marc:datafield>
    <marc:datafield tag="300" ind1=" " ind2=" ">
      <marc:subfield code="a">1 online resource (vi, 20 pages, 2 unnumbered pages) : </marc:subfield>
      <marc:subfield code="b">colour illustrations</marc:subfield>
    </marc:datafield>
    <marc:datafield tag="336" ind1=" " ind2=" ">
      <marc:subfield code="a">text</marc:subfield>
      <marc:subfield code="b">txt</marc:subfield>
      <marc:subfield code="2">rdacontent</marc:subfield>
    </marc:datafield>
    <marc:datafield tag="337" ind1=" " ind2=" ">
      <marc:subfield code="a">computer</marc:subfield>
      <marc:subfield code="b">c</marc:subfield>
      <marc:subfield code="2">rdamedia</marc:subfield>
    </marc:datafield>
    <marc:datafield tag="338" ind1=" " ind2=" ">
      <marc:subfield code="a">online resource</marc:subfield>
      <marc:subfield code="b">cr</marc:subfield>
      <marc:subfield code="2">rdacarrier</marc:subfield>
    </marc:datafield>
    <marc:datafield tag="500" ind1=" " ind2=" ">
      <marc:subfield code="a">Issued also in French under title: Les envahisseurs aquatiques : carnet d'identification d'espèces de plantes envahissantes d'eau douce du Québec.</marc:subfield>
    </marc:datafield>
    <marc:datafield tag="520" ind1=" " ind2=" ">
      <marc:subfield code="a">"To stop the proliferation of aquatic invasive species and thus protect our ecosystems, it is essential that all users of water bodies be on the lookout. The purpose of this booklet is to raise awareness about several species that have invaded freshwater habitats in Quebec. It also contains species that are not yet present, but could invade our lakes and rivers. It will help you recognize them and tell you what to do to prevent their spread and settlement in our water bodies. ..."--Page i.</marc:subfield>
    </marc:datafield>
    <marc:datafield tag="650" ind1=" " ind2="0">
      <marc:subfield code="a">Invasive plants</marc:subfield>
      <marc:subfield code="z">Québec (Province)</marc:subfield>
      <marc:subfield code="v">Identification.</marc:subfield>
    </marc:datafield>
    <marc:datafield tag="650" ind1=" " ind2="0">
      <marc:subfield code="a">Aquatic weeds</marc:subfield>
      <marc:subfield code="z">Québec (Province)</marc:subfield>
      <marc:subfield code="v">Identification.</marc:subfield>
    </marc:datafield>
    <marc:datafield tag="650" ind1=" " ind2="0">
      <marc:subfield code="a">Plant invasions</marc:subfield>
      <marc:subfield code="z">Québec (Province)</marc:subfield>
      <marc:subfield code="x">Prevention.</marc:subfield>
    </marc:datafield>
    <marc:datafield tag="650" ind1=" " ind2="0">
      <marc:subfield code="a">Pest introduction</marc:subfield>
      <marc:subfield code="z">Québec (Province)</marc:subfield>
      <marc:subfield code="x">Prevention.</marc:subfield>
    </marc:datafield>
    <marc:datafield tag="710" ind1="1" ind2=" ">
      <marc:subfield code="a">Canada. </marc:subfield>
      <marc:subfield code="b">Department of Fisheries and Oceans, </marc:subfield>
      <marc:subfield code="e">issuing body.</marc:subfield>
    </marc:datafield>
    <marc:datafield tag="775" ind1="0" ind2="8">
      <marc:subfield code="t">Les envahisseurs aquatiques : </marc:subfield>
      <marc:subfield code="w">(CaOODSP)9.930219</marc:subfield>
    </marc:datafield>
    <marc:datafield tag="776" ind1="0" ind2="#">
      <marc:subfield code="t">Aquatic invasive species : </marc:subfield>
      <marc:subfield code="w">(CaOODSP)9.930215</marc:subfield>
    </marc:datafield>
    <marc:datafield tag="856" ind1="4" ind2="0">
      <marc:subfield code="q">PDF</marc:subfield>
      <marc:subfield code="s">14.40 MB</marc:subfield>
      <marc:subfield code="u">https://publications.gc.ca/collections/collection_2024/mpo-dfo/Fs23-726-2024-eng.pdf</marc:subfield>
    </marc:datafield>
  </marc:record>
</marc:collection>
